000 00637nam a2200217 a 4500
999 _c3071
_d3071
001 3071
003 BD-JhCC
005 20171109192121.0
008 171109s1974 bg |||| ||a| 000 0 ben d
035 _a(BD-JhCC) 3071
040 _aBD-JhCC
_dBD-JhCC
041 _aben
082 _a891.442
_bRAY 1974
100 _aরায়, দ্বিজেন্দ্রলাল
245 _aপরপারে /
_c দ্বিজেন্দ্রলাল রায়
260 _aঢাকা :
_bমুক্তধারা ,
_c1974
300 _a124 p .:
_c22 cm .
650 _aBengali Drama
942 _2ddc
_cBK